书目信息 |
| 题名: |
实用出国留学手册
|
|
| 作者: | 张斌 编著 | |
| 分册: | ||
| 出版信息: | 北京 中国商业出版社 2002 |
|
| 页数: | 11,453页 | |
| 开本: | 20cm | |
| 丛书名: | ||
| 单 册: | ||
| 中图分类: | G-62 | |
| 科图分类: | ||
| 主题词: | 留学生教育--简介--外国 , 高等学校--简介--外国 , 留学生教育 , 高等学校 , 文化 , 科学 , 教育 , 体育 | |
| 电子资源: | ||
| ISBN: | 7-5044-4445-6 | |
| 000 | 00916nam0 2200313 450 | |
| 001 | 1257640362 | |
| 005 | 20121013160149.01 | |
| 010 | @a7-5044-4445-6@dCNY28.00 | |
| 100 | @a20020201d2002 em y0chiy0110 ea | |
| 101 | 0 | @achi |
| 102 | @aCN@b110000 | |
| 105 | @ay z 000yy | |
| 200 | 1 | @a实用出国留学手册@Ashi yong chu guo liu xue shou ce@f张斌编著 |
| 210 | @a北京@c中国商业出版社@d2002 | |
| 215 | @a11,453页@d20cm | |
| 330 | @a本书共有3部分,包括:“出国留学热门国家”、“出国留学应知的相关法律”、“出国留学必备知识”等。 | |
| 510 | 1 | @aA Practical Handbook for Studying Abroad@zeng |
| 606 | 0 | @a留学生教育@x简介@y外国 |
| 606 | 0 | @a高等学校@x简介@y外国 |
| 606 | 0 | @a留学生教育 |
| 606 | 0 | @a高等学校 |
| 606 | 0 | @a文化 |
| 606 | 0 | @a科学 |
| 606 | 0 | @a教育 |
| 606 | 0 | @a体育 |
| 690 | @aG-62@v4 | |
| 701 | 0 | @a张斌@Azhang bin@4编著 |
| 801 | 0 | @aCN@bNLC@c20101222 |
| 905 | @a10447@dG-62@eJY27 | |
| 实用出国留学手册/张斌编著.-北京:中国商业出版社,2002 |
| 11,453页;20cm |
| ISBN 7-5044-4445-6:CNY28.00 |
| 本书共有3部分,包括:“出国留学热门国家”、“出国留学应知的相关法律”、“出国留学必备知识”等。 |
| ● |
| 相关链接 |
|
|
|
|
正题名:实用出国留学手册
索取号:G-62/JY27
 
预约/预借
| 序号 | 登录号 | 条形码 | 馆藏地/架位号 | 状态 | 备注 |
| 1 | 7817648 | 278176484 | 学院路分馆/ [索取号:G-62/JY27] | 在馆 | |
| 2 | 7817649 | 278176493 | 学院路分馆/ [索取号:G-62/JY27] | 在馆 |